| 000 | 00466nam a22001697a 4500 | ||
|---|---|---|---|
| 005 | 20251108175529.0 | ||
| 008 | 250721s2006 xx 000 0 eng d | ||
| 082 | 1 | 4 | _aJ/F/OCO |
| 100 | 1 | _ao'connor, jane | |
| 245 | 1 | 4 | _athe snow globe family / |
| 264 | 1 |
_anew york : _bG.P putam's sons, _c2006. |
|
| 650 | 1 | 7 | _aFiction |
| 653 | _aأطفال مرحلة متوسطة (6-9) سنوات | ||
| 700 | 1 |
_aSchindler, S.D _eIllus. |
|
| 942 |
_2ddc _cBK |
||
| 999 |
_c136279 _d136279 |
||